[Event "AUT-chT 2223"]
[Site "Austria"]
[Date "2023.04.13"]
[Round "9.3"]
[White "Livaic, Leon"]
[Black "Kvetny, Mark"]
[Result "1-0"]
[WhiteElo "2582"]
[BlackElo "2407"]
[PlyCount "73"]
[EventDate "2022.11.03"]
[EventType "team-tourn"]
[EventRounds "11"]
[EventCountry "AUT"]
[SourceTitle "EXT 2024"]
[Source "ChessBase"]
[SourceDate "2023.10.10"]
[SourceVersion "1"]
[SourceVersionDate "2023.10.10"]
[SourceQuality "1"]
[WhiteTeam "St Veit"]
[BlackTeam "Goetzis"]
[WhiteTeamCountry "AUT"]
[BlackTeamCountry "AUT"]

1. d4 d5 2. c4 e6 3. Nf3 c6 4. Nc3 Nf6 5. Bg5 Nbd7 6. cxd5 cxd5 7. e3 Be7 8. Bd3 a6 9. 0-0 b6 10. Qe2 Bb7 11. Rfc1 0-0 12. Rc2 Qb8 13. Rac1 Rc8 14. Nd2 Bd6 15. f4 Rc7 16. g4 Qf8 17. Bh4 b5 18. g5 Ne8 19. a4 b4 20. Nd1 Rxc2 21. Rxc2 a5 22. Nb3 Nb6 23. Rc1 Nxa4 24. Ra1 Nb6 25. Rxa5 Nc4 26. Rxa8 Bxa8 27. Qc2 g6 28. Be1 Ng7 29. Nc5 Nh5 30. Bxb4 h6 31. b3 Nxe3 32. Nxe3 Nxf4 33. Nd7 Qd8 34. Bxd6 Nh3+ 35. Kg2 Qxd7 36. Be5 Nxg5 37. Ng4 1-0

[Event "BL2-Sued 2122"]
[Site "Germany"]
[Date "2022.05.01"]
[Round "4.2"]
[White "Kvetny, Mark"]
[Black "Iturrizaga Bonelli, Eduardo"]
[Result "0-1"]
[WhiteElo "2420"]
[BlackElo "2594"]
[PlyCount "60"]
[EventDate "2022.03.05"]
[EventType "team-tourn"]
[EventRounds "10"]
[EventCountry "GER"]
[SourceTitle "EXT 2023"]
[Source "ChessBase"]
[SourceDate "2022.10.05"]
[SourceVersion "1"]
[SourceVersionDate "2022.10.05"]
[SourceQuality "1"]
[WhiteTeam "Stuttgart"]
[BlackTeam "Speyer Schwegenheim"]
[WhiteTeamCountry "GER"]
[BlackTeamCountry "GER"]

1. d4 Nf6 2. c4 e6 3. Nf3 Bb4+ 4. Nbd2 d5 5. e3 0-0 6. a3 Be7 7. b4 a5 8. b5 c5 9. bxc6 bxc6 10. Bb2 Nbd7 11. Bd3 Ba6 12. 0-0 c5 13. Qe2 Rb8 14. Ra2 cxd4 15. Nxd4 Ne5 16. Nf5 Nxd3 17. Nxe7+ Qxe7 18. Qxd3 dxc4 19. Qc3 Rfd8 20. Qxa5 c3 21. Qxa6 cxb2 22. Nb1 Qc5 23. Qe2 Qc1 24. g3 Ne4 25. Kg2 Nc3 26. Nxc3 Qxc3 27. Rb1 Rd2 28. Qf3 h6 29. Qf4 Qb3 30. a4 Rb4 0-1

[Event "AUT-chT 2122"]
[Site "Austria"]
[Date "2022.04.21"]
[Round "9.4"]
[White "Lagarde, Maxime"]
[Black "Kvetny, Mark"]
[Result "1-0"]
[WhiteElo "2647"]
[BlackElo "2415"]
[PlyCount "85"]
[EventDate "2021.11.04"]
[EventType "team-tourn"]
[EventRounds "11"]
[EventCountry "AUT"]
[SourceTitle "EXT 2023"]
[Source "ChessBase"]
[SourceDate "2022.10.05"]
[SourceVersion "1"]
[SourceVersionDate "2022.10.05"]
[SourceQuality "1"]
[WhiteTeam "Raika Feffernitz"]
[BlackTeam "Goetzis"]
[WhiteTeamCountry "AUT"]
[BlackTeamCountry "AUT"]

1. d4 Nf6 2. c4 e6 3. Nf3 Bb4+ 4. Nbd2 0-0 5. a3 Be7 6. e4 d6 7. b4 a5 8. Bb2 e5 9. d5 c6 10. h3 axb4 11. axb4 Rxa1 12. Bxa1 Na6 13. Qb3 cxd5 14. cxd5 Qb6 15. Bc3 Bd7 16. Nc4 Qc7 17. Nfd2 Rc8 18. Bb2 b5 19. Na3 Nh5 20. Ndb1 Qb6 21. g3 Bg5 22. Nc2 f5 23. h4 Bh6 24. Bh3 Qc7 25. Nba3 fxe4 26. g4 Nf4 27. g5 Nd3+ 28. Kf1 Qa7 29. Bd4 exd4 30. Be6+ Kh8 31. gxh6 gxh6 32. Rg1 Rf8 33. Rg2 Nf4 34. Rg4 Bxe6 35. dxe6 h5 36. Rxf4 Rxf4 37. Qg3 Rf6 38. Nxb5 Qe7 39. Ncxd4 d5 40. Nd6 Rg6 41. Qc3 Qf6 42. Nf7+ Kg7 43. Nf5+ 1-0

[Event "BL2-Sued 2122"]
[Site "Germany"]
[Date "2022.03.06"]
[Round "2.2"]
[White "Doric, Darko"]
[Black "Kvetny, Mark"]
[Result "1/2-1/2"]
[WhiteElo "2481"]
[BlackElo "2420"]
[PlyCount "54"]
[EventDate "2022.03.05"]
[EventType "team-tourn"]
[EventRounds "10"]
[EventCountry "GER"]
[SourceTitle "EXT 2023"]
[Source "ChessBase"]
[SourceDate "2022.10.05"]
[SourceVersion "1"]
[SourceVersionDate "2022.10.05"]
[SourceQuality "1"]
[WhiteTeam "Schoenaich"]
[BlackTeam "Stuttgart"]
[WhiteTeamCountry "GER"]
[BlackTeamCountry "GER"]

1. d4 d5 2. c4 dxc4 3. e4 b5 4. a4 c6 5. axb5 cxb5 6. Nc3 a6 7. Nxb5 axb5 8. Rxa8 Bb7 9. Ra2 e6 10. f3 f5 11. exf5 Ne7 12. b3 Nxf5 13. bxc4 Qh4+ 14. g3 Nxg3 15. hxg3 Qxh1 16. Kf2 Bd6 17. Bg2 Qh2 18. Ra7 Qxg3+ 19. Kf1 Bc6 20. Qe2 0-0 21. Qxe6+ Kh8 22. Ne2 Rxf3+ 23. Bxf3 Qxf3+ 24. Ke1 Bb4+ 25. Bd2 Qh1+ 26. Kf2 Qf3+ 27. Ke1 Qh1+ 1/2-1/2

[Event "Wuerttemberg Masters"]
[Site "Weissach"]
[Date "2021.08.19"]
[Round "3"]
[White "Kvetny, Mark"]
[Black "Fischer, Sebastian"]
[Result "1/2-1/2"]
[WhiteElo "2416"]
[BlackElo "2338"]
[PlyCount "85"]
[EventDate "2021.08.18"]
[EventType "tourn"]
[EventRounds "7"]
[EventCountry "GER"]
[EventCategory "2"]
[SourceTitle "CBM 203 Extra"]
[Source "ChessBase"]
[SourceDate "2021.09.30"]
[SourceVersion "1"]
[SourceVersionDate "2021.09.30"]
[SourceQuality "1"]

1. d4 f5 2. Nc3 Nf6 3. Bg5 d5 4. e3 e6 5. Nf3 Be7 6. Bd3 Ne4 7. Bxe7 Qxe7 8. 0-0 0-0 9. Ne2 c5 10. c4 dxc4 11. Bxc4 Nd6 12. Bb3 c4 13. Bc2 b5 14. Qd2 Bb7 15. Ne5 Nc6 16. Nxc6 Bxc6 17. b4 Rad8 18. a4 a6 19. f3 e5 20. dxe5 Qxe5 21. Qc3 Qxc3 22. Nxc3 Rfe8 23. Rfe1 g6 24. Re2 Kf7 25. Kf2 Re6 26. e4 fxe4 27. Bxe4 Nxe4+ 28. Nxe4 Bxe4 29. fxe4 Rd3 30. axb5 axb5 31. Ra7+ Re7 32. Ra5 Rb7 33. Re3 Rd1 34. e5 Rd2+ 35. Kf3 Rb2 36. e6+ Ke7 37. Ra6 Rxb4 38. Ke4 c3+ 39. Kd3 Rf4 40. Kxc3 b4+ 41. Kb3 h5 42. g3 Rf6 43. Rc6 1/2-1/2

[Event "EU-Cup Online Gr-D"]
[Site "Tornelo INT"]
[Date "2021.03.28"]
[Round "5.2"]
[White "Kvetny, Mark"]
[Black "Nandhidhaa, PV."]
[Result "1-0"]
[WhiteElo "2416"]
[BlackElo "2365"]
[PlyCount "71"]
[EventDate "2021.03.27"]
[EventType "team-tourn (rapid)"]
[EventRounds "9"]
[EventCountry "NET"]
[SourceTitle "CBM 201 Extra"]
[Source "ChessBase"]
[SourceDate "2021.05.31"]
[SourceVersion "1"]
[SourceVersionDate "2021.05.31"]
[SourceQuality "1"]
[WhiteTeam "Celtic Tigers"]
[BlackTeam "Tremblay en France Girls"]
[WhiteTeamCountry "ENG"]
[BlackTeamCountry "FRA"]

1. Nf3 e6 2. g3 Nf6 3. Bg2 d5 4. 0-0 Be7 5. d3 0-0 6. Nbd2 c5 7. e4 Nc6 8. Qe2 b5 9. e5 Nd7 10. Re1 Bb7 11. Nf1 Rc8 12. c3 b4 13. h4 a5 14. N1h2 a4 15. a3 bxc3 16. bxc3 Na5 17. Bf4 Nb3 18. Ra2 Qa5 19. Qc2 Rfe8 20. h5 Bf8 21. h6 g6 22. Ng4 d4 23. Bd2 Nxd2 24. Nxd2 Bxg2 25. Kxg2 dxc3 26. Ne4 Kh8 27. Qxc3 Qxc3 28. Nxc3 c4 29. d4 Nb6 30. Rb2 Nd5 31. Nxd5 exd5 32. Nf6 Red8 33. Rb7 Bxh6 34. Rxf7 Bg7 35. Rh1 h6 36. Rxh6+ 1-0

[Event "GER-ch rapid 46th"]
[Site "Plochingen"]
[Date "2020.09.19"]
[Round "5"]
[White "Kvetny, Mark"]
[Black "Braeuning, Rudolf Wilhelm"]
[Result "1-0"]
[WhiteElo "2427"]
[BlackElo "2268"]
[PlyCount "87"]
[EventDate "2020.09.19"]
[EventType "swiss"]
[EventRounds "9"]
[EventCountry "GER"]
[SourceTitle "CBM 198 Extra"]
[Source "ChessBase"]
[SourceDate "2020.11.30"]
[SourceVersion "1"]
[SourceVersionDate "2020.11.30"]
[SourceQuality "1"]

1. c4 e5 2. Nc3 Bb4 3. Nd5 Bc5 4. e3 c6 5. d4 Bf8 6. Nc3 exd4 7. Qxd4 Nf6 8. Nf3 d5 9. cxd5 cxd5 10. Bb5+ Nc6 11. 0-0 Be7 12. h3 0-0 13. Qd3 Be6 14. a3 Rc8 15. Rd1 Qd6 16. Bxc6 bxc6 17. b4 c5 18. bxc5 Rxc5 19. a4 Rfc8 20. Nb5 Qd8 21. Ba3 Rc2 22. Nfd4 R2c4 23. Nxa7 R8c7 24. Nab5 Rc8 25. Bxe7 Qxe7 26. Qa3 Qd7 27. Qd6 Bxh3 28. gxh3 Qxh3 29. Qg3 Qh5 30. Nd6 Ne4 31. Nxe4 dxe4 32. Kg2 R4c5 33. Rh1 Qd5 34. Rh4 h6 35. Rah1 Kf8 36. Qg4 Re8 37. Rh5 Qd6 38. Nf5 Qf6 39. Qxg7+ Qxg7+ 40. Nxg7 Rxh5 41. Nxh5 Ra8 42. Ng3 Rxa4 43. Rxh6 Ke7 44. Rh4 1-0

[Event "GER-ch rapid 46th"]
[Site "Plochingen"]
[Date "2020.09.19"]
[Round "2"]
[White "Kvetny, Mark"]
[Black "Nguyen, Alex Dac Vuong"]
[Result "1/2-1/2"]
[WhiteElo "2427"]
[BlackElo "2343"]
[PlyCount "91"]
[EventDate "2020.09.19"]
[EventType "swiss"]
[EventRounds "9"]
[EventCountry "GER"]
[SourceTitle "CBM 198 Extra"]
[Source "ChessBase"]
[SourceDate "2020.11.30"]
[SourceVersion "1"]
[SourceVersionDate "2020.11.30"]
[SourceQuality "1"]

1. d4 Nf6 2. Nf3 e6 3. Bf4 c5 4. e3 d5 5. Nbd2 Nc6 6. c3 Bd6 7. Bg3 0-0 8. Bb5 Ne7 9. Bd3 Nf5 10. Bxf5 exf5 11. Bxd6 Qxd6 12. dxc5 Qxc5 13. 0-0 Be6 14. Nb3 Qc7 15. Qd4 Rfd8 16. Rfd1 Ne4 17. a4 Nd6 18. Qf4 Qb6 19. Qb4 Qxb4 20. cxb4 Nc4 21. Rab1 f4 22. Nbd4 fxe3 23. fxe3 Bg4 24. Re1 Re8 25. Kf2 Re7 26. b3 Nd6 27. Rbc1 Rae8 28. b5 g6 29. h3 Bxf3 30. gxf3 Kg7 31. Rc5 Re5 32. Rc7 R8e7 33. Rxe7 Rxe7 34. Rc1 Kf6 35. Rc5 Re5 36. Rc7 Re7 37. Rc5 Re5 38. a5 Nf5 39. Nxf5 gxf5 40. f4 Re4 41. Rc7 Re7 42. Rxe7 Kxe7 43. Ke2 Kd6 44. b4 b6 45. axb6 axb6 46. Kd3 1/2-1/2

[Event "Innsbruck op 4th"]
[Site "Innsbruck"]
[Date "2020.08.27"]
[Round "7"]
[White "Kvetny, Mark"]
[Black "Maruntis, Patrik Robert"]
[Result "1-0"]
[WhiteElo "2427"]
[BlackElo "1904"]
[PlyCount "51"]
[EventDate "2020.08.22"]
[EventType "swiss"]
[EventRounds "9"]
[EventCountry "AUT"]
[SourceTitle "CBM 198 Extra"]
[Source "ChessBase"]
[SourceDate "2020.11.30"]
[SourceVersion "1"]
[SourceVersionDate "2020.11.30"]
[SourceQuality "1"]

1. d4 Nf6 2. Nf3 g6 3. Bg5 Bg7 4. Nbd2 0-0 5. c3 d6 6. e4 c6 7. h3 Qc7 8. a4 b6 9. Bd3 Nbd7 10. 0-0 e5 11. Qe2 a6 12. Rfd1 Bb7 13. dxe5 dxe5 14. h4 h6 15. Bxf6 Bxf6 16. Nc4 Rfd8 17. Bc2 Be7 18. Bb3 c5 19. Rxd7 Rxd7 20. Ncxe5 Bf6 21. Nxd7 Qxd7 22. Rd1 Qe7 23. e5 Bg7 24. e6 fxe6 25. Bxe6+ Kh7 26. Bg8+ 1-0

[Event "Innsbruck op 4th"]
[Site "Innsbruck"]
[Date "2020.08.23"]
[Round "3"]
[White "Kvetny, Mark"]
[Black "Sucher, Johannes"]
[Result "1-0"]
[WhiteElo "2427"]
[BlackElo "2136"]
[PlyCount "58"]
[EventDate "2020.08.22"]
[EventType "swiss"]
[EventRounds "9"]
[EventCountry "AUT"]
[SourceTitle "CBM 198 Extra"]
[Source "ChessBase"]
[SourceDate "2020.11.30"]
[SourceVersion "1"]
[SourceVersionDate "2020.11.30"]
[SourceQuality "1"]

1. Nf3 d5 2. c4 c6 3. e3 Nf6 4. Nc3 e6 5. b3 Bd6 6. Bb2 0-0 7. Qc2 Nbd7 8. Be2 a6 9. Rg1 dxc4 10. bxc4 b5 11. g4 bxc4 12. Bxc4 Nd5 13. Ne4 N7b6 14. Bd3 Nb4 15. Qc3 Nxd3+ 16. Qxd3 Bb4 17. Qc2 f6 18. g5 f5 19. Nf6+ Kh8 20. Nh5 Ra7 21. Ne5 Na4 22. Nxc6 Qxd2+ 23. Qxd2 Bxd2+ 24. Kxd2 Rd7+ 25. Bd4 Rd6 26. Ne5 f4 27. Ke2 Bb7 28. g6 f3+ 29. Ke1 hxg6 1-0

[Event "BL2-Sued 1920"]
[Site "Germany"]
[Date "2020.02.07"]
[Round "4.3"]
[White "Wahedi, Ahmad Siar"]
[Black "Kvetny, Mark"]
[Result "1/2-1/2"]
[WhiteElo "2281"]
[BlackElo "2427"]
[PlyCount "117"]
[EventDate "2019.10.19"]
[EventType "team-tourn"]
[EventRounds "11"]
[EventCountry "GER"]
[SourceTitle "CBM 194 Extra"]
[Source "ChessBase"]
[SourceDate "2020.03.31"]
[SourceVersion "1"]
[SourceVersionDate "2020.03.31"]
[SourceQuality "1"]
[WhiteTeam "Neuberg"]
[BlackTeam "Stuttgart SF"]
[WhiteTeamCountry "GER"]
[BlackTeamCountry "GER"]

1. Nf3 b6 2. e4 Bb7 3. Nc3 Nf6 4. e5 Ne4 5. Nxe4 Bxe4 6. Bc4 e6 7. 0-0 Be7 8. Re1 Bg6 9. d4 d6 10. exd6 cxd6 11. a4 0-0 12. a5 bxa5 13. Bd2 d5 14. Bxa5 Qd6 15. Bf1 Bh5 16. Bc3 Nc6 17. Ra6 Qc7 18. Rxc6 Qxc6 19. Ne5 Bxd1 20. Nxc6 Bxc2 21. Nxe7+ Kh8 22. Nc6 Ba4 23. Na5 Rfb8 24. Ra1 Bb5 25. Bxb5 Rxb5 26. Nc6 a6 27. f4 Kg8 28. Nb4 a5 29. Ra4 Rc8 30. Nd3 f6 31. Kf2 Rc4 32. Ra1 a4 33. Ke3 Kf7 34. g4 h6 35. h4 Kg6 36. h5+ Kf7 37. g5 hxg5 38. fxg5 e5 39. h6 Rb8 40. hxg7 exd4+ 41. Bxd4 Re8+ 42. Kd2 Rxd4 43. gxf6 Kxf6 44. Rg1 Rg8 45. b3 axb3 46. Rb1 Rxd3+ 47. Kxd3 Rxg7 48. Kd4 Ke6 49. Rxb3 Rg4+ 50. Kc5 Rc4+ 51. Kb5 Rc8 52. Rh3 Ke5 53. Rh5+ Ke4 54. Rh4+ Kd3 55. Rh3+ Kd4 56. Rh4+ Kd3 57. Rh3+ Kc2 58. Rh2+ Kc3 59. Rh3+ 1/2-1/2

[Event "AUT-chT 1920"]
[Site "Austria"]
[Date "2020.01.12"]
[Round "8.3"]
[White "Kvetny, Mark"]
[Black "Nayhebaver, Martin"]
[Result "1-0"]
[WhiteElo "2413"]
[BlackElo "2473"]
[PlyCount "123"]
[EventDate "2019.10.10"]
[EventType "team-tourn"]
[EventRounds "11"]
[EventCountry "AUT"]
[SourceTitle "CBM 194 Extra"]
[Source "ChessBase"]
[SourceDate "2020.03.31"]
[SourceVersion "1"]
[SourceVersionDate "2020.03.31"]
[SourceQuality "1"]
[WhiteTeam "Goetzis"]
[BlackTeam "Bregenz"]
[WhiteTeamCountry "AUT"]
[BlackTeamCountry "AUT"]

1. d4 Nf6 2. Nf3 e6 3. Bf4 c5 4. e3 d5 5. Nbd2 Nc6 6. c3 Nh5 7. Bg5 f6 8. Bh4 g6 9. g4 Ng7 10. Bg3 Bd6 11. Bb5 0-0 12. Qa4 cxd4 13. cxd4 Ne7 14. g5 fxg5 15. Nxg5 Nef5 16. Ngf3 a6 17. Be5 Rb8 18. Bd3 Bd7 19. Qd1 Bxe5 20. dxe5 Nh4 21. Qe2 Ngf5 22. 0-0-0 Bb5 23. Kb1 Qb6 24. Rhg1 Bxd3+ 25. Qxd3 Qb5 26. Qxb5 axb5 27. Ng5 Ng7 28. Rg4 Nhf5 29. Rb4 h6 30. Ngf3 Ne7 31. h4 Rf5 32. Rxb5 Nc6 33. Rc1 Nxe5 34. Nxe5 Rxe5 35. a4 Rf5 36. Nb3 Rf7 37. Nc5 Ra8 38. a5 Ra7 39. b4 Re7 40. Rb6 Kf7 41. e4 Ne8 42. exd5 exd5 43. Rc3 Kg7 44. Ne6+ Kh7 45. Rf3 Ra6 46. Rxa6 bxa6 47. Nc5 Nc7 48. Rf6 d4 49. Nxa6 Kg7 50. Nxc7 Rxc7 51. Rb6 d3 52. a6 Rc4 53. a7 d2 54. Rb7+ Kf6 55. Rd7 Rxb4+ 56. Kc2 Ra4 57. Kxd2 g5 58. hxg5+ Kxg5 59. Kc3 h5 60. Kb3 Ra1 61. Kb4 Kg4 62. Rd4+ 1-0